Priznanie k dani z príjmov fyzických osôb za rok 1993
Rámcový pohľad a postup pri vyplňovaní daňového priznania u fyzických osôb za rok 1993 podľa zákona č.286/1992 Zb. a neskorších predpisov.
Enregistré dans:
| Auteur principal: | |
|---|---|
| Format: | Chapitre de livre |
| Langue: | slovaque |
| Sujets: | |
| Tags: |
Pas de tags, Soyez le premier à ajouter un tag!
|
MARC
| LEADER | 00000naa a2200000 4500 | ||
|---|---|---|---|
| 001 | r000336 | ||
| 005 | 20221213114831.2 | ||
| 041 | 0 | |a slo | |
| 044 | |a SK | ||
| 245 | 1 | 0 | |a Priznanie k dani z príjmov fyzických osôb za rok 1993 |c M. Pancák |
| 520 | |a Rámcový pohľad a postup pri vyplňovaní daňového priznania u fyzických osôb za rok 1993 podľa zákona č.286/1992 Zb. a neskorších predpisov. | ||
| 610 | 2 | 0 | |a priznania daňové |
| 610 | 2 | 0 | |a 1993 |
| 610 | 2 | 0 | |a metodika |
| 610 | 2 | 0 | |a dane z príjmov |
| 610 | 2 | 0 | |a osoby fyzické |
| 100 | 1 | |a Pancák, M. | |